banner koha

Contribution to the study of the flora of Pernambuco, Brazil [Taxonomia vegetal] (Registro n. 260812)

MARC details
000 -LÍDER
campo de controle de tamanho fixo 00977nac a22002897a 4500
001 - NÚMERO DE CONTROLE
campo de controle BR5400030
003 - IDENTIFICADOR DO NÚMERO DE CONTROLE
campo de controle BR-BrBNA
005 - DATA E HORÁRIO DA ÚLTIMA TRANSAÇÃO
campo de controle 20240105112907.0
008 - CAMPO DE DADOS FIXOS--INFORMAÇÃO GERAL
campo de controle de tamanho fixo 230509b bl.|||m| |||| 00| 0 por d
040 ## - FONTE DA CATALOGAÇÃO
Instituição da catalogação original BR-BrBNA
Idioma da catalogação por
Instituição que transcreveu o registro Biblioteca Nacional de Agricultura
072 ## - CÓDIGO DE CATEGORIA DE ASSUNTO
Código de Categoria de Assunto F70
090 ## - NÚMERO DE CHAMADA LOCAL
Número de chamada F70 BR5400030
100 1# - ENTRADA PRINCIPAL--NOME PESSOAL
Nome pessoal Lima, D. de A.
110 1# - ENTRADA PRINCIPAL--NOME CORPORATIVO
Nome corporativo ou nome da jurisdição Universidade Rural de Pernambuco, Recife (Brasil);
9 (RLIN) 11270
110 1# - ENTRADA PRINCIPAL--NOME CORPORATIVO
Nome corporativo ou nome da jurisdição State Univ. of New York, Syracuse (USA). Coll. of Forestry
245 1# - TÍTULO
Título Contribution to the study of the flora of Pernambuco, Brazil [Taxonomia vegetal]
260 3# - PUBLICAÇÃO, DISTRIBUIÇÃO, ETC.
Local de publicação, distribuição, etc. Recife, PE (Brasil):
Nome do editor, distribuidor, etc. Imprensa Universitaria,
Data da publicação, distribuição, etc. 1954.
300 ## - DESCRIÇÃO FÍSICA
Extensão 154 p.
490 ## - TÍTULO DA SÉRIE
Título da série Monografia - Universidade Rural de Pernambuco (Brazil)
Número do volume ou designação sequencial da série no. 1
ISSN - International Standard Serial Number
500 ## - NOTA GERAL
Nota geral 41 ref.
502 ## - NOTA DE DISSERTAÇÃO
Nota de dissertação: Tese (Master of Science)
650 ## - ASSUNTO--TERMO TÓPICO
Cabeçalho tópico ou nome geográfico Taxonomia vegetal
650 ## - ASSUNTO--TERMO TÓPICO
Cabeçalho tópico ou nome geográfico Flora
650 ## - ASSUNTO--TERMO TÓPICO
Cabeçalho tópico ou nome geográfico Pernambuco
909 ## -
-- 202312
-- Lúcia Elande
-- 55
-- Lúcia Elande
942 ## - ELEMENTOS DE ENTRADA ADICIONADOS (KOHA)
Fonte da classificação ou esquema de arquivamento na estante Classificação AGRIS
Ocultar no OPAC Não
Tipo de material Koha Monografia Seriada
Exemplares
Situação do descarte Fonte da classificação ou esquema de arquivamento na estante Situação física Não pode ser emprestado Coleção Biblioteca de origem Biblioteca atual Localização na estante Total de empréstimos Número de telefone completo Código de barras Data de último acesso Tipo de material Koha Fonte de aquisição
  Classificação AGRIS       Biblioteca Nacional de Agricultura - Binagri Biblioteca Nacional de Agricultura - Binagri Agrobase - Acervo Geral   F70 BR5400030 F70 BR5400030 18/12/2023 Monografia Seriada Portaria Interministerial nº 164/94

BINAGRI

Telefone: (61)3218-2567/2388/3357/2097 - binagri@agro.gov.br

Ministério da Agricultura e Pecuária , Esplanada dos Ministérios, Bloco D, Anexo B, Brasília/DF, CEP: 70.043-900